Food quiz by picture - Statistics

General Stats
  • This quiz has been taken 534 times
  • The average score is 12 of 15
Answer Stats
Picture Answer % Correct
Strawberry
100%
Apple
95%
Pineapple
94%
Popcorn
94%
Carrots
93%
eggs
93%
Toast
91%
Orange
86%
potatoes
85%
Sausage
85%
Blue berries
83%
Gummy bears
82%
Pretzels
78%
Rasberries
32%
Egg on toast
18%
No matching quizzes found
Score Distribution
Percent of People with Each Score
Percentile by Number Answered
Your Score History
You have not taken this quiz